000 00608nam a2200205 4500
001 138675
003 ES-MaACL
007 t|
008 070214s1985 sp r ||||1| spa d
100 1 _aSantiago, Lola.
_9103381
245 1 0 _aApenas un trazo /
_cLola Santiago.
250 _a[1ª ed.].
260 _aMadrid :
_bTorremozas,
_c1985.
300 _a110 p. ;
_c17 cm.
490 1 _aColección Torremozas de poesía de mujeres ;
_v20
830 0 0 _aColección Torremozas de poesía de mujeres
_v20
_9177494
852 _aES-MaACL
_jL-8473
_bR.108691
942 _2udc
999 _c138675
_d138675